| 000 | 00838 a2200253 4500 | ||
|---|---|---|---|
| 003 | OSt | ||
| 005 | 20180116192358.0 | ||
| 008 | 110810t1999 xxu||||| |||| 00| 0 eng d | ||
| 020 | _a0714838519 (pbk) | ||
| 020 | _a9780714838519 | ||
| 040 | _c0 | ||
| 082 | _a686.2252 | ||
| 100 |
_aLupton, Ellen. _935 |
||
| 245 | 1 | 0 |
_aDesign writing research : _bwriting on graphic design / _cEllen Lupton and J. Abbott Miller. |
| 260 |
_aLondon : _bPhaidon, _c1999. |
||
| 300 |
_ax,211p. : _bill. ; _c28cm. |
||
| 500 | _aOriginally published: Kiosk, 1996. | ||
| 500 | _aIncludes bibliographical references and index. | ||
| 650 | 1 | 0 |
_aGraphic design (Typography) _936 |
| 650 | 1 | 0 |
_aCommercial art. _937 |
| 700 | 1 |
_4Miller, J. Abbott. _938 |
|
| 942 |
_aSADA _cBK _k686.2252 LUP 1999 _2ddc |
||
| 999 |
_c353192 _d353192 |
||